000 00978nam a2200229 i 4500
001 190360
003 ES-MaACL
005 20231228063303.0
008 201112s1875 sp |||| | spa d
100 1 _aMenéndez y Pelayo, Marcelino,
_d1856-1912
_980332
245 1 3 _aLa novela entre los latinos :
_btesis doctoral leída en la Facultad de Filosofía y Letras de la Universidad de Madrid /
_cpor Marcelino Menéndez y Pelayo.
260 _aSantander :
_b[s.n.],
_c1875 (
_fImp. y Lit. de Telesforo Martínez)
300 _a71 p. ;
_c22 cm.
502 _aTesis doctoral.
504 _aReferencias bibliográficas.
530 _aDisponible en formato digital.
650 4 _aNovela latina-
_xHistoria y crítica.
_9170764
710 2 _aUniversidad de Madrid.
_bFacultad de Filosofía y Letras.
_97214
852 _aES-MaACL
_jT-700-F-13
856 _uhttp://bdh-rd.bne.es/viewer.vm?id=0000201219&page=1
_zBiblioteca Digital Hispánica
999 _c190360
_d190360